000 00472nam a22001697a 4500
003 OSt
005 20260430041824.0
008 260430b |||||||| |||| 00| 0 eng d
020 _a97189-7052-5.
040 _aDWC-Main Lib.
_cOC
082 _aRes. 808.882 Si39s 1997
100 _aSilverio, Julio F.
245 _aMga sala-salawikain
_cJulio F. Silverio
260 _bM&L Licudine Ent.
_cc1997.
300 _a108 p. ;
_c18 cm.
942 _2ddc
_cBK-0 CIRC
_hRes.
_n0
999 _c10102
_d10102